| 000 | 00584nam a22001937a 4500 | ||
|---|---|---|---|
| 005 | 20171218143103.0 | ||
| 010 | _aENG-121888 | ||
| 020 |
_a9788193055434 _c1000.00 |
||
| 035 | _aEN-105420 | ||
| 037 | _bDBAD/PUB | ||
| 082 | _a230.64 | ||
| 100 | _aSingh, Manoj | ||
| 245 |
_aHindu ceremony / _cby Manoj Singh |
||
| 260 |
_aUttar Pradesh _bA.Kumar and Sons _c2015 |
||
| 270 |
_aRechal Tower Shahidh Chand Marg, Mirzapur _bUttar Pradesh _e231001 |
||
| 300 |
_a248p. _c22cm(Hb) |
||
| 500 | _aIncludes bibliographical reference | ||
| 942 |
_2ddc _cEN _h230.64 _mSIN |
||
| 999 |
_c148037 _d148037 |
||